000 00566nam a2200229Ia 4500
003 LK-CoDNM
005 20240807151414.0
008 010623t1896 xxu||||| |||| 00| 1 eng d
040 _aLK-CoDNM
_dLK-CoDNM
_eLK-CoDNM
041 _aeng
080 _a16
_bT10
100 _aHaweis,H.R.
245 _aTravel and Talk,1885,1893,1895
260 _bChatto and Windus
_aLondon
_c1896
300 _bxvi, 340p : ill ; 19 cm
650 _aBoston
650 _aChicago
650 _aMormon Land
650 _aNew York
650 _aPulpit and Platform
942 _cBK
999 _c84308
_d84308